000 00677nam a2200229 4500
003 OSt
005 20240702061006.0
006 a
008 240702b |||||||| |||| 00| 0 eng d
020 _a0521008050
040 _aDWCL-Main lib.
_cOC
082 _aCirc. 332.4 S855t 2003
100 _aStiglitz, Joseph
245 _aTowards a new paradigm in monetary economics /
260 _aNew York :
_bCambridge University Press,
_cc2003.
300 _axv,
_b327 p. : ill. ;
_c22 cm.
504 _aIncludes bibliographical references & index.
650 _a1. Money.
650 _a2. Monetary policy.
650 _a3. Banks and banking.
942 _2ddc
_n0
_cBK-CIRC
_kCirc.
999 _c1798
_d1798